01450nab a22002537a 4500999001500000003000400015005001700019008004100036040000700077100003500084245013900119260007200258300001300330500003900343505033800382505011300720505008900833650002600922650003000948650004400978650001801022773014301040942001301183 c6043d6043OSt20260118212558.0190605e xxu||||| |||| 00| 0 spa d cPJ 96833aVerrone, Pablo Martín 10aDe la ficción del mutuo acuerdo a la realidad del despido encubierto. Cuando el convenio revela el vicio /cPablo Martín Verrone.  aCiudad Autónoma de Buenos Aires :bThomson Reuters La Ley,c2025. ap. 93-95 aCita: TR LALEY AR/DOC/2741/2025.  aSumario: I. Introducción: cuando el ropaje legal no alcanza para ocultar la verdad.— II. El art. 241 LCT y sus condiciones de validez.— III. El caso: el acuerdo como imposición disfrazada.— IV. La sentencia: una disección jurídica del consentimiento viciado.— V. Reflexión final: cuando el acuerdo no es tan mutuo.  aFallo comentado: CNTrab., sala VIII ~ 27/08/2025 ~ Palermo, Luciano Pablo c. LAN Argentina S.A. s/ despido. t¿Te interesa el texto completo? Solicitalo al correo: koha@justierradelfuego.gov.ar 091316aDERECHO LABORAL 091323aCONTRATO DE TRABAJO 091486aEXTINCION DEL CONTRATO DE TRABAJO 091533aDESPIDO0 0271193168dCiudad Autónoma de Buenos Aires : Thomson Reuters La Ley, 1999-2002.tRevista de derecho del trabajo. Nº 6 - Noviembre 2025 2udccANA